[Event "JAGI"]
[Site "SchemingMind.com"]
[Date "2023.02.07"]
[Round "-"]
[White "Laci"]
[Black "Megabulles"]
[Result "1-0"]
[WhiteCountry "HUN"]
[BlackCountry "GER"]
[WhiteElo "2318"]
[WhiteRD "116"]
[BlackElo "2195"]
[BlackRD "74"]
[GameID "731203"]

1. e4 c5 2. Nf3 e6 3. d4 cxd4 4. Nxd4 a6 5. Nc3 Qc7 6. Bd3 Nf6 7. O-O d6 8. Be3 g6 9. a4 Bg7 10. a5 Bd7
11. Kh1 O-O 12. f4 Nc6 13. Nb3 Rac8 14. Qd2 Rfe8 15. Na4 Ne7 16. Nb6 Rcd8 17. Nxd7 Nxd7 18. c3 Rc8 19. Bg1 Nc5 20. Bc2 Nc6
21. Qd1 Red8 22. Rb1 Nd7 23. Ra1 Re8 24. Rf3 Re7 25. Qd2 Rb8 26. Rd1 Nxa5 27. Nxa5 Qxa5 28. Qxd6 Rbe8 29. c4
1-0

[Event "JAGI"]
[Site "SchemingMind.com"]
[Date "2023.02.07"]
[Round "-"]
[White "DMark4"]
[Black "Megabulles"]
[Result "0-1"]
[WhiteCountry "SCO"]
[BlackCountry "GER"]
[WhiteElo "1319"]
[WhiteRD "113"]
[BlackElo "2195"]
[BlackRD "74"]
[GameID "731204"]

1. d4 d5 2. c4 c6 3. Bf4 dxc4 4. e3 b5 5. Nf3 Nf6 6. a4 e6 7. Bxb8 Rxb8 8. axb5 cxb5 9. Rxa7 Bb4+ 10. Nbd2 Ne4
11. Be2 Nxd2 12. Nxd2 O-O 13. O-O Ba5 14. Bf3 e5 15. Ne4 exd4 16. exd4 Bb6
0-1

[Event "JAGI"]
[Site "SchemingMind.com"]
[Date "2023.02.08"]
[Round "-"]
[White "Megabulles"]
[Black "Matrix64"]
[Result "1-0"]
[WhiteCountry "GER"]
[BlackCountry "USA"]
[WhiteElo "2211"]
[WhiteRD "72"]
[BlackElo "1662"]
[BlackRD "136"]
[GameID "731205"]

1. d4 Nf6 2. Nf3 e6 3. e3 b6 4. Bd3 Bb7 5. O-O Be7 6. Nbd2 d5 7. Ne5 O-O 8. b3 Nbd7 9. f4 c5 10. c3 Ne4
11. Bb2 f6 12. Nef3 Rc8 13. c4 cxd4 14. Nxd4 Ndc5 15. Nxe4 dxe4 16. Bc2 Qd7 17. Qg4 f5 18. Nxf5 Bf6 19. Nd4 e5 20. Qxd7 Nxd7
21. Nb5 exf4 22. Bxf6 Rxf6 23. Rxf4 Rcf8 24. Nxa7 Rxf4 25. exf4 Rxf4 26. Nb5 Nf6 27. Nd6 Bc6 28. Re1 e3 29. Rxe3 Rd4 30. Rd3 Rxd3
31. Bxd3 Kf8 32. Nc8 Nd7 33. Bf5 g6 34. Bxd7 Bxd7 35. Nxb6 Bf5 36. a4 Ke7 37. Kf2
1-0

[Event "JAGI"]
[Site "SchemingMind.com"]
[Date "2023.02.08"]
[Round "-"]
[White "Matrix64"]
[Black "Derek Price"]
[Result "0-1"]
[WhiteCountry "USA"]
[BlackCountry "ENG"]
[WhiteElo "1662"]
[WhiteRD "136"]
[BlackElo "2381"]
[BlackRD "66"]
[GameID "731206"]

1. d4 d5 2. c4 c6 3. Nf3 Nf6 4. Nc3 e6 5. Bg5 h6 6. Bh4 dxc4 7. e4 g5 8. Bg3 b5 9. Be2 Bb7 10. h4 g4
11. Ne5 h5 12. O-O Nbd7 13. Qc2 Nxe5 14. Bxe5 Bg7 15. Rad1 O-O 16. f3 Nd7 17. Bg3 c5 18. Nxb5 cxd4 19. Nxd4 Qb6 20. Bf2 g3
21. Be3 Qd8 22. Bg5 Bxd4+ 23. Rxd4 Qb6 24. Be3 e5 25. Rxd7 Qxe3+ 26. Kh1 Qf4
0-1

[Event "JAGI"]
[Site "SchemingMind.com"]
[Date "2023.02.08"]
[Round "-"]
[White "Matrix64"]
[Black "Phillip Beckett"]
[Result "1-0"]
[WhiteCountry "USA"]
[BlackCountry "ENG"]
[WhiteElo "1662"]
[WhiteRD "136"]
[BlackElo "1434"]
[BlackRD "55"]
[GameID "731207"]

1. e4 e5 2. Nf3 Nc6 3. Bb5 a6 4. Ba4 Nf6 5. O-O Be7 6. Re1 b5 7. Bb3 O-O 8. c3 d5 9. exd5 Nxd5 10. Nxe5 Nxe5
11. Rxe5 c6 12. d4 Bd6 13. Re1 Qh4 14. g3 Qh3 15. Qd3 Bg4 16. Qf1 Qh5 17. Bd1 Rae8 18. Bxg4 Qxg4 19. Be3 Re6 20. Nd2 f5
21. Qe2 Qg6 22. c4 Nxe3 23. fxe3 f4 24. Qg2 fxg3 25. hxg3 Qxg3 26. Qxg3 Bxg3 27. Re2 Rfe8 28. cxb5 Rxe3 29. Rxe3 Rxe3 30. Nf1 Re1
31. Rxe1 Bxe1 32. bxa6
1-0

[Event "JAGI"]
[Site "SchemingMind.com"]
[Date "2023.02.08"]
[Round "-"]
[White "Matrix64"]
[Black "kenneth m day"]
[Result "1-0"]
[WhiteCountry "USA"]
[BlackCountry "USA"]
[WhiteElo "1793"]
[WhiteRD "130"]
[BlackElo "1664"]
[BlackRD "61"]
[GameID "731208"]

1. d4 d5 2. c4 e6 3. Nc3 Nf6 4. Bg5 Nbd7 5. e3 h6 6. Bh4 Be7 7. Nf3 O-O 8. Rc1 c5 9. cxd5 exd5 10. Bd3 cxd4
11. exd4 Re8 12. O-O Nb6 13. Re1 Be6 14. Nb5 a6 15. Nc7 Rc8 16. Nxe8 Qxe8 17. Ne5 Nbd7 18. Nxd7 Qxd7 19. Rxc8+ Qxc8 20. f4 Bg4
21. Qb1 Qd7 22. h3 Be6 23. f5 Qd6 24. fxe6 fxe6 25. Qc2 Kf7 26. Bg6+ Kf8 27. Qc8+ Bd8 28. Rxe6 Qd7 29. Qxd7
1-0

[Event "JAGI"]
[Site "SchemingMind.com"]
[Date "2023.02.08"]
[Round "-"]
[White "Matrix64"]
[Black "Chessibelle"]
[Result "1-0"]
[WhiteCountry "USA"]
[BlackCountry "ENG"]
[WhiteElo "1658"]
[WhiteRD "179"]
[BlackElo "1160"]
[BlackRD "56"]
[GameID "731209"]

1. e4 e5 2. Nf3 Nc6 3. Bc4 h6 4. O-O Nf6 5. Re1 b6 6. Nc3 Be7 7. Nd5 Bd6 8. c3 O-O 9. b4 a6 10. Bb2 Kh7
11. a4 Bb7 12. Nh4 g6 13. Nf3 Rg8 14. Qb3 Rf8 15. d4 Nh5 16. Ne3 Qf6 17. Ng4 Qf4 18. h3 Nf6 19. Bc1 Nxd4 20. cxd4 Bxe4
21. Bxf4 exf4 22. Nxf6+ Kh8 23. Nxe4 Rab8 24. Nxd6 cxd6 25. Re7 f5 26. Bg8 Rxg8 27. Qf7 Rbf8 28. Qh7#
1-0

[Event "JAGI"]
[Site "SchemingMind.com"]
[Date "2023.02.08"]
[Round "-"]
[White "JAHI"]
[Black "Matrix64"]
[Result "1-0"]
[WhiteCountry "INT"]
[BlackCountry "USA"]
[WhiteElo "2174"]
[WhiteRD "67"]
[BlackElo "1662"]
[BlackRD "136"]
[GameID "731210"]

1. f3 e5 2. g3 Nf6 3. Bg2 Bc5 4. Kf1 d5 5. d3 O-O 6. Nc3 h6 7. e3 Nc6 8. Nce2 Qe7 9. Nh3 Rd8 10. c3 b5
11. d4 Bb6 12. Nf2 a5 13. h3 Ba6 14. f4 e4 15. g4 g5 16. h4 Qe6 17. hxg5 hxg5 18. fxg5 Nxg4 19. Nf4 Nxf2 20. Kxf2 Qe7
21. Qh5 f6 22. Qh8+
1-0

[Event "JAGI"]
[Site "SchemingMind.com"]
[Date "2023.02.08"]
[Round "-"]
[White "Laci"]
[Black "Matrix64"]
[Result "0-1"]
[WhiteCountry "HUN"]
[BlackCountry "USA"]
[WhiteElo "2046"]
[WhiteRD "107"]
[BlackElo "1793"]
[BlackRD "130"]
[GameID "731212"]

1. e4 c5 2. Nf3 d6 3. c3 Nf6 4. Be2 Nc6 5. d4 cxd4 6. cxd4 d5 7. e5 Ne4 8. O-O Bg4 9. Kh1 e6 10. Ng1 Bxe2
11. Nxe2 f5 12. Be3 Ng5 13. Nbc3 Nf7 14. Nf4 Qd7
0-1

[Event "JAGI"]
[Site "SchemingMind.com"]
[Date "2023.02.08"]
[Round "-"]
[White "DMark4"]
[Black "Matrix64"]
[Result "0-1"]
[WhiteCountry "SCO"]
[BlackCountry "USA"]
[WhiteElo "1258"]
[WhiteRD "112"]
[BlackElo "1872"]
[BlackRD "100"]
[GameID "731213"]

1. d4 Nf6 2. Nf3 b6 3. c4 e6 4. Nc3 Bb4 5. Bg5 Bb7 6. Qc2 d6 7. e3 Nbd7 8. Bd3 h6 9. Bh4 O-O 10. O-O Bxc3
11. Qxc3 c5 12. Bg3 Qe7 13. Rad1 d5 14. Qa3 Rfe8 15. Rfe1 a6 16. cxd5 exd5 17. dxc5 Nxc5 18. Bb1 Nce4
0-1